00221nam a22000977a 4500008004100000082001600041245003800057260001000095300001200105440000600117230620b xxu||||| |||| 00| 0 eng d a322.42bCPK aThe Origins and Growth of Mau Mau aKenya aII,321p n5